Biblioteca y Centro de Documentación

Archivos de prevención de riesgos laborales (Registro nro. 25867)

Detalles MARC
000 -CABECERA
Longitud fija campo de control 01811nas a2200445 c 4500
001 - NÚMERO DE CONTROL
Número de control 25867
003 - IDENTIFICADOR DE NÚMERO DE CONTROL
Identificador del número de control ES-MaCES
005 - FECHA Y HORA DE LA ÚLTIMA TRANSACCIÓN
Fecha y hora de la última transacción 20250327142253.0
008 - CAMPO FIJO DE DESCRIPCIÓN FIJA--INFORMACIÓN GENERAL
Códigos de información de longitud fija   001020d2000 sp qr p g | |spa d
017 ## - NÚMERO DE REGISTRO DE DERECHOS DE AUTOR Y DEPÓSITO LEGAL
Número de copyright o de depósito legal B 14661-1988
Agencia que asigna el número DL
022 1# - ISSN (INTERNATIONAL STANDARD SERIAL NUMBER)
Número Internacional Normalizado para Publicaciones Seriadas 1138-9672
035 ## - NÚMERO DE CONTROL DEL SISTEMA
Número de control del sistema CES20000000785p
040 ## - FUENTE DE CATALOGACIÓN
Centro catalogador de origen ES-MaCES
Lengua de catalogación spa
Centro transcriptor ES-MaCES
041 0# - CÓDIGO DE IDIOMA
Código de lengua del texto;banda sonora o título independiente spa
-- cat
-- eng
245 00 - MENCIÓN DE TÍTULO
Título Archivos de prevención de riesgos laborales
Mención de responsabilidad, etc. Societat Catalana de Seguretat i Medicina en el Treball (SCSMT), Sociedade Galega de Prevención de Riscos Laborais (SGPRL)
260 ## - PUBLICACIÓN, DISTRIBUCIÓN, ETC (PIE DE IMPRENTA)
Lugar de publicación, distribución, etc. Madrid
-- Barcelona
Nombre del editor, distribuidor, etc. DOYMA
Fecha de publicación, distribución, etc. D.L. 1988-
300 ## - DESCRIPCIÓN FÍSICA
Extensión v.
Dimensiones 28 cm
310 ## - PERIODICIDAD ACTUAL DE LA PUBLICACIÓN
Periodicidad actual Trimestral
500 ## - NOTA GENERAL
Nota general Cerrada la suscripción de la ed. impresa, continua ed. electrónica
500 ## - NOTA GENERAL
Nota general Descripción basada en: v. 3, n. 1 (en.-marzo 2000)
500 ## - NOTA GENERAL
Nota general Es continuación de: Medicina de empresa, ISSN 0378-6668
500 ## - NOTA GENERAL
Nota general Textos en catalán y español
500 ## - NOTA GENERAL
Nota general Resúmen en español e inglés
541 ## - NOTA DE LA FUENTE INMEDIANTE DE ADQUISICIÓN
Forma de adquisición Compra
592 ## - CES. NOTA ESTADO DE LA PUBLICACIÓN
Estado publicación Viva
650 #4 - ASIENTO SECUNDARIO DE MATERIA--TÉRMINO DE MATERIA
Término de materia o nombre geográfico como elemento inicial accidente de trabajo
9 (RLIN) 28345
650 #4 - ASIENTO SECUNDARIO DE MATERIA--TÉRMINO DE MATERIA
Término de materia o nombre geográfico como elemento inicial riesgo
9 (RLIN) 29564
650 #4 - ASIENTO SECUNDARIO DE MATERIA--TÉRMINO DE MATERIA
Término de materia o nombre geográfico como elemento inicial prevención
9 (RLIN) 29707
650 #4 - ASIENTO SECUNDARIO DE MATERIA--TÉRMINO DE MATERIA
Término de materia o nombre geográfico como elemento inicial seguridad en el trabajo
9 (RLIN) 28348
653 10 - TÉRMINO DE INDEXACIÓN--NO CONTROLADO
Término no controlado Salud
710 2# - ENCABEZAMIENTO SECUNDARIO--NOMBRE CORPORATIVO
Nombre de entidad o nombre de jurisdicción como elemento inicial Sociedade Galega de Prevención de Riscos Laborais
9 (RLIN) 4989
710 2# - ENCABEZAMIENTO SECUNDARIO--NOMBRE CORPORATIVO
Nombre de entidad o nombre de jurisdicción como elemento inicial Societat Catalana de Seguretat i Medicina en el Treball
9 (RLIN) 5009
853 21 - LEYENDAS Y PATRÓN--UNIDAD BIBLIOGRÁFICA BÁSICA
Primer nivel de enumeración vol.
Segundo nivel de enumeración n.
Primer nivel de cronología año
Segundo nivel de cronología mes
Continuidad en la numeración r
Frecuencia q
856 ## - ACCESO ELECTRÓNICO
Identificador Uniforme del Recurso (URI) <a href="https://archivosdeprevencion.eu/index.php/aprl/numeros2019">https://archivosdeprevencion.eu/index.php/aprl/numeros2019</a>
Texto del enlace texto completo desde vol. 1, n. 1 (1998) hasta vol. 22, n. 4 (2019)
856 ## - ACCESO ELECTRÓNICO
Identificador Uniforme del Recurso (URI) <a href="https://archivosdeprevencion.eu/index.php/aprl/issue/archive">https://archivosdeprevencion.eu/index.php/aprl/issue/archive</a>
Texto del enlace texto completo desde vol. 23, n. 1 (2020)
866 #0 - FUENTES TEXTUALES--UNIDAD BIBLIOGRÁFICA BÁSICA
Holdings textuales (2000) 2001-2002.
Nota pública Ubicación: DEPÓSITO - 55/897
905 ## - CES. DATOS REVISTA
Boletín de sumarios (Sirtex 591$a) Boletín B
Proceso +
942 ## - ELEMENTOS KOHA
Fuente de clasificaión o esquema Clasificación propia del CES
Koha [por defecto] tipo de item Periódicas
Parte de clasificación 3.1.
Existencias
Número de registro Signatura completa Tipo de item de Koha
038813 55/897 Periódicas
038816 55/897 Periódicas
038821 55/897 Periódicas
041827 55/897 Periódicas
043093 55/897 Periódicas
044654 55/897 Periódicas
045636 55/897 Periódicas
048647 55/897 Periódicas
048648 55/897 Periódicas
© CES, Consejo Económico y Social de España 2021